Nízko nákladový marketing a nízko nákladová komunikácia - Slovensko

Šetrenie a úspora v nízko nákladovom marketingu. Využívanie techník, ktoré nie sú finančne náročné. Nové komunikačné spôsoby - aplikácie z internetového prostredia. Využívanie mailových aplikácií a webu. Výhody využitia sociálnych sietí v marketingu. Marketingové nástroje na sociálnych sieťach. Prie...

Ausführliche Beschreibung

Gespeichert in:
Bibliographische Detailangaben
1. Verfasser: Dzurová, Mária
Format: Buchkapitel
Sprache:Slowakisch
Schlagworte:
Tags: Tag hinzufügen
Keine Tags, Fügen Sie das erste Tag hinzu!

MARC

LEADER 00000naa$a2200000$$$4500
001 0168290
005 20240502083411.3
041 0 |a slo 
044 |a CZ 
245 1 0 |a Nízko nákladový marketing a nízko nákladová komunikácia - Slovensko  |c Mária Dzurová 
520 |a Šetrenie a úspora v nízko nákladovom marketingu. Využívanie techník, ktoré nie sú finančne náročné. Nové komunikačné spôsoby - aplikácie z internetového prostredia. Využívanie mailových aplikácií a webu. Výhody využitia sociálnych sietí v marketingu. Marketingové nástroje na sociálnych sieťach. Prieskum o digitálnej gramotnosti. Indikátory digitálnej gramotnosti. 
610 2 0 |a marketing 
610 2 0 |a nástroje marketingové 
610 2 0 |a komunikácia marketingová 
610 2 0 |a náklady 
610 2 0 |a úspory 
610 2 0 |a siete sociálne 
610 2 0 |a internet 
610 2 0 |a gramotnosť digitálna 
100 1 |a Dzurová, Mária